000 00562nam a2200193 a 4500
001 24252
003 CO-ViMGA
008 141112s2004 ck r 000 u spa d
020 _a8425515459
040 _aCO-ViMGA
_bspa
_cCO-ViMGA
082 0 4 _a155.5 M173a
100 1 _aCastells Cuixart, Paulino
_935408
245 1 0 _aEl Adolescente problemático /
_cPaulino Castells Cuixart
260 _aEspaña :
_bHispano Europea,
_c2004
300 _a126 p.
650 1 4 _aPsicologia del adolescente
_916706
650 1 4 _aPsicopatologia infantil
_910353
942 _2ddc
_cBK
999 _c32254
_d32254